[Event "NED-ch U20 Youth 2019"]
[Site "Assen"]
[Date "2019.04.29"]
[Round "2.9"]
[White "Reichardt, Robin"]
[Black "Achuthan, Dylan"]
[Result "*"]
[WhiteElo "2061"]
[BlackElo "1863"]
[Annotator "NA RC"]
[PlyCount "82"]
[EventDate "2019.04.28"]
[EventType "swiss"]
[EventCountry "NED"]
[SourceTitle "playchess.com"]
[Source "ChessBase"]
[SourceQuality "1"]
[TimeControl "40/5400+30:1800+30"]

1. d4 {[%emt 0:00:00]} Nf6 {[%emt 0:00:00]} 2. c4 {[%emt 0:00:00]} g6 {[%emt 0:00:00]} 3. Nf3 {[%emt 0:00:41]} Bg7 {[%emt 0:00:09]} 4. Nc3 {[%emt 0:00:14]} d5 {[%emt 0:00:19]} 5. h4 {[%emt 0:01:03]} h6 {[%emt 0:10:12]} (5... c6 6. cxd5 cxd5 7. Bf4 O-O 8. e3 Nc6 9. Qb3 Na5 10. Qa3 Nc6 11. Qb3 Na5 12. Qa3 Nc6 {½-½ (34) Swiercz,D (2655)-Nepomniachtchi,I (2771) Astana 2019}) 6. Bf4 {[%emt 0:07:18] D90: Grünfeld: 4 Nf3 Bg7 sidelines} O-O {[%emt 0:06:59]} 7. e3 $146 {[%emt 0:03:28]} ({Predecessor:} 7. Qd2 h5 8. cxd5 Nxd5 9. Bh6 Nxc3 10. Bxg7 Kxg7 11. Qxc3 Bf5 12. Rd1 Qd5 {1-0 (25) Krzyzanowski,M (2491)-Sapale,S (2187) Zadar 2018}) 7... c5 {[%emt 0:00:21]} 8. dxc5 {[%emt 0:16:52]} Ne4 {[%emt 0:01:46]} 9. Nxe4 {[%emt 0:14:45]} (9. Be5 $11 Nxc3 10. Bxc3 (10. bxc3 dxc4 11. Qxd8 Rxd8 $11)) 9... dxe4 {[%emt 0:00:40]} 10. Qxd8 {[%emt 0:20:47]} Rxd8 {[%emt 0:00:12]} 11. Bxb8 {[%emt 0:00:54]} (11. Ne5 $142) 11... exf3 {[%emt 0:23:39]} ({Don't play} 11... Rxb8 12. Nd4 $15) (11... Bxb2 $142 12. Bc7 Rd7) 12. Bc7 {[%emt 0:05:22]} Rd7 {[%emt 0:00:39]} 13. Ba5 {[%emt 0:00:50]} Bxb2 {[%emt 0:02:54]} (13... b6 $5 14. Bc3 Bxc3+ 15. bxc3 Bb7 16. gxf3 Bxf3 $17) 14. Rb1 {[%emt 0:00:51]} Bf6 {[%emt 0:03:02]} 15. gxf3 {[%emt 0:01:35]} b6 {[%emt 0:01:07]} 16. Bg2 {[%emt 0:12:14]} Bb7 {[%emt 0:09:25]} ({And not} 16... bxa5 17. f4 $16) 17. cxb6 {[%emt 0:02:40]} axb6 {[%emt 0:00:41]} 18. Bxb6 {[%emt 0:00:20]} Bc3+ {[%emt 0:01:11]} 19. Kf1 $11 {[%emt 0:00:52]} Rxa2 {[%emt 0:02:04]} 20. Kg1 {[%emt 0:02:37]} Rdd2 {[%emt 0:03:19]} 21. e4 {[%emt 0:00:34]} Bc6 {[%emt 0:22:05]} 22. Be3 {[%emt 0:00:47]} Rdc2 {[%emt 0:01:00]} 23. Rd1 {[%emt 0:03:28]} Be5 {[%emt 0:02:03]} 24. c5 {[%emt 0:02:00]} Bg3 {[%emt 0:02:46]} 25. Rf1 {[%emt 0:01:21]} Bb5 {[%emt 0:01:26]} 26. Rc1 {[%emt 0:00:54]} Bxf2+ {[%emt 0:02:16]} 27. Kh2 {[%emt 0:00:26]} Bxe3 {[%emt 0:01:04]} 28. Rxc2 {[%emt 0:00:01]} Rxc2 {[%emt 0:00:02]} 29. Kg3 {[%emt 0:00:43]} Bxc5 {[%emt 0:00:32]} 30. Rb1 {[%emt 0:00:08]} Bd3 {[%emt 0:01:00]} 31. Rb8+ {[%emt 0:00:11]} Kg7 {[%emt 0:00:02]} 32. Rb3 {[%emt 0:00:43]} Bc4 {[%emt 0:00:32]} 33. Rb7 {[%emt 0:00:04]} Bd6+ {[%emt 0:00:21]} 34. f4 {[%emt 0:00:19]} Bd3 {[%emt 0:01:21]} 35. Bf3 {[%emt 0:00:30]} Rc3 {[%emt 0:00:27]} 36. Kf2 {[%emt 0:00:23]} Bxf4 {[%emt 0:00:23]} 37. Rxe7 {[%emt 0:00:10]} Rc2+ {[%emt 0:00:15]} 38. Kg1 {[%emt 0:00:13]} Be3+ {[%emt 0:00:34]} 39. Kh1 {[%emt 0:00:07]} Bf1 {[%emt 0:01:05]} 40. Rd7 {[%emt 0:01:19]} Rf2 {[%emt 0:01:01]} 41. Bd1 {[%emt 0:30:32]} Bg2+ {[%emt 0:30:24]} *

[Event "NED-ch U20 Youth 2019"]
[Site "Assen"]
[Date "2019.04.29"]
[Round "2.10"]
[White "Van Aken, Jelmer"]
[Black "Gijsen, William"]
[Result "0-1"]
[WhiteElo "1698"]
[BlackElo "2041"]
[Annotator "NA RC"]
[PlyCount "63"]
[EventDate "2019.04.28"]
[EventType "swiss"]
[EventCountry "NED"]
[SourceTitle "playchess.com"]
[Source "ChessBase"]
[SourceQuality "1"]
[TimeControl "40/5400+30:1800+30"]

1. e4 {[%emt 0:00:00]} c5 {[%emt 0:00:00]} 2. Nf3 {[%emt 0:00:00]} e6 {[%emt 0:00:00]} 3. d4 {[%emt 0:00:00]} cxd4 {[%emt 0:00:00]} 4. Nxd4 {[%emt 0:00:00]} Nf6 {[%emt 0:00:00]} 5. Nc3 {[%emt 0:00:00]} Bb4 {[%emt 0:00:09]} 6. e5 {[%emt 0:00:02]} Nd5 {[%emt 0:00:09]} 7. Bd2 {[%emt 0:00:44]} Nxc3 {[%emt 0:02:45] B40: Sicilian: 2...e6, Unusual lines} (7... Bxc3 8. bxc3 O-O 9. Bd3 d6 10. exd6 Qxd6 11. O-O Bd7 12. Rb1 Na6 13. Bxa6 Qxa6 14. Qf3 Rac8 15. Rfc1 b6 16. Qd3 Qc4 {0-1 (34) Ragger,M (2687)-Jobava,B (2627) St Petersburg 2018}) 8. Bxc3 {[%emt 0:00:25]} Bxc3+ {[%emt 0:00:08]} 9. bxc3 {[%emt 0:00:08]} Qc7 {[%emt 0:02:22]} 10. Nb5 {[%emt 0:07:11]} Qxe5+ {[%emt 0:00:21]} 11. Qe2 {[%emt 0:00:16]} Qxe2+ {[%emt 0:04:23]} 12. Bxe2 {[%emt 0:00:07]} Na6 {[%emt 0:00:09]} 13. Nd6+ $146 {[%emt 0:02:46]} ({Predecessor:} 13. Bf3 O-O 14. Nd6 Rb8 15. O-O {0-1 (43) Vaut,A-Averhoff,N Hamburg 1989}) 13... Ke7 {[%emt 0:00:19]} 14. O-O-O {[%emt 0:01:10]} Nc5 {[%emt 0:01:54]} 15. Rd4 {[%emt 0:07:37]} b6 {[%emt 0:03:26]} 16. Rhd1 {[%emt 0:05:23]} Rb8 {[%emt 0:07:44]} 17. Bf3 {[%emt 0:14:35]} Rd8 {[%emt 0:00:27]} 18. Rf4 {[%emt 0:04:18]} f6 {[%emt 0:08:45]} 19. g4 {[%emt 0:12:02]} Bb7 {[%emt 0:03:14]} 20. Bxb7 {[%emt 0:05:08]} Nxb7 {[%emt 0:00:11]} 21. Rfd4 {[%emt 0:00:35]} Nxd6 {[%emt 0:00:18]} 22. Rxd6 {[%emt 0:00:05]} Rbc8 {[%emt 0:00:11]} 23. Kb2 {[%emt 0:00:08]} Rc6 {[%emt 0:00:45]} 24. Rxc6 {[%emt 0:02:36]} dxc6 {[%emt 0:00:02]} 25. Rxd8 {[%emt 0:00:08]} Kxd8 {[%emt 0:00:36]} 26. f4 {[%emt 0:00:14]} Kd7 {[%emt 0:00:06]} 27. c4 {[%emt 0:00:10]} Kd6 {[%emt 0:00:53]} 28. Kc3 {[%emt 0:00:58]} Kc5 {[%emt 0:00:21]} 29. a3 {[%emt 0:01:07]} a5 {[%emt 0:00:34]} 30. Kd3 {[%emt 0:02:38]} b5 {[%emt 0:02:45]} 31. cxb5 {[%emt 0:00:12]} Kxb5 {[%emt 0:00:24]} 32. Kd4 $19 {[%emt 0:01:30]} 0-1

[Event "NED-ch U20 Youth 2019"]
[Site "Assen"]
[Date "2019.04.30"]
[Round "3.1"]
[White "Vrolijk, Liam"]
[Black "Ghebreab, Elnathan"]
[Result "1-0"]
[WhiteElo "2465"]
[BlackElo "1882"]
[Annotator "ChessBase"]
[PlyCount "55"]
[EventDate "2019.04.28"]
[EventType "swiss"]
[EventCountry "NED"]
[SourceTitle "playchess.com"]
[Source "ChessBase"]
[SourceQuality "1"]
[TimeControl "40/5400+30:1800+30"]

1. c4 {[%emt 0:00:00]} Nf6 {[%emt 0:01:09]} 2. Nc3 {[%emt 0:00:00]} g6 {[%emt 0:00:31]} 3. g3 {[%emt 0:02:45]} Bg7 {[%emt 0:03:22]} 4. Bg2 {[%emt 0:00:22]} O-O {[%emt 0:00:56]} 5. d4 {[%emt 0:00:42]} d6 {[%emt 0:02:47]} 6. Nf3 {[%emt 0:00:20]} c5 {[%emt 0:16:41]} 7. O-O {[%emt 0:01:25]} Bd7 {[%emt 0:04:02]} 8. dxc5 {[%emt 0:09:05]} dxc5 {[%emt 0:00:09]} 9. Ne5 {[%emt 0:01:25]} Nc6 {[%emt 0:07:29]} 10. Nxc6 {[%emt 0:02:36]} Bxc6 {[%emt 0:00:53]} 11. Bxc6 {[%emt 0:00:09]} Qxd1 {[%emt 0:02:39]} 12. Rxd1 {[%emt 0:00:19]} bxc6 {[%emt 0:00:04]} 13. Be3 {[%emt 0:00:58]} Rab8 {[%emt 0:00:53]} 14. Rab1 {[%emt 0:01:17]} Ng4 {[%emt 0:00:56]} 15. Bxc5 {[%emt 0:02:01]} Bxc3 {[%emt 0:00:12]} 16. bxc3 {[%emt 0:00:07]} a5 {[%emt 0:02:35]} 17. Bxe7 {[%emt 0:01:49]} Rxb1 {[%emt 0:00:07]} 18. Rxb1 {[%emt 0:00:06]} Re8 {[%emt 0:00:09]} 19. Rb7 {[%emt 0:00:15]} c5 {[%emt 0:01:51]} 20. f3 {[%emt 0:02:03]} Ne3 {[%emt 0:00:22]} 21. Bxc5 {[%emt 0:00:21]} Nxc4 {[%emt 0:00:11]} 22. Kf2 {[%emt 0:00:21]} Rd8 {[%emt 0:01:08]} 23. Bd4 {[%emt 0:00:36]} Rc8 {[%emt 0:00:11]} 24. a4 {[%emt 0:02:19]} Nd6 {[%emt 0:00:26]} 25. Rb6 {[%emt 0:00:13]} Nc4 {[%emt 0:00:26]} 26. Rb5 {[%emt 0:00:07]} h5 {[%emt 0:00:23]} 27. e4 {[%emt 0:00:18]} Kh7 {[%emt 0:00:18]} 28. Ke2 {[%emt 0:00:23]} 1-0

[Event "NED-ch U20 Youth 2019"]
[Site "Assen"]
[Date "2019.04.30"]
[Round "3.2"]
[White "Pols, Wiggert"]
[Black "Warmerdam, Max"]
[Result "1/2-1/2"]
[WhiteElo "2104"]
[BlackElo "2472"]
[Annotator "TA"]
[PlyCount "116"]
[EventDate "2019.04.28"]
[EventType "swiss"]
[EventCountry "NED"]
[SourceTitle "playchess.com"]
[Source "ChessBase"]
[SourceQuality "1"]

{[%evp 12,116,12,13,15,13,23,20,33,-7,-5,-14,8,-8,-3,-9,-10,-13,0,0,32,0,0,0,6,0,33,0,26,25,23,20,22,29,36,23,19,20,41,23,65,54,63,52,60,39,75,76,68,42,42,55,56,47,206,198,198,214,241,60,60,41,40,34,75,82,82,0,0,0,264,264,385,0,0,0,0,-57,-57,-57,-57,-57,0,0,0,0,0,0,0,0,0,0,0,0,0,0,0,0,0,0,0,0,0,0,0,0,0]} 1. Nf3 d5 2. g3 c6 3. Bg2 Bg4 4. O-O Nd7 5. d3 Ngf6 6. h3 Bh5 7. c4 dxc4 {A07: Réti Opening: New York and Capablanca Systems} 8. dxc4 e5 9. Nc3 (9. Nh4 Bc5 10. Nc3 O-O 11. Qc2 Re8 12. a3 a5 13. e3 Qc7 {½-½ (46) Kramnik,V (2811)-Oparin,G (2604) Zuerich 2017}) 9... Qc7 10. g4 $146 ({Predecessor:} 10. Nh4 Nc5 11. b4 Ne6 12. Rb1 Be7 13. Qc2 O-O 14. e3 Rfd8 15. g4 {1-0 (40) Oparin,G (2587)-Kobalia,M (2608) Yaroslavl 2018}) 10... Bg6 11. Nh4 Be7 12. a3 a5 13. Nxg6 hxg6 14. Rb1 Nc5 15. b4 Rd8 16. Nd5 (16. Qc2 $5 {[%cal Rb4c5]} Ne6 17. Be3 $11) 16... cxd5 17. bxc5 {[%cal Rc4d5]} Bxc5 ({Much weaker is} 17... dxc4 $6 18. Qa4+ Kf8 19. Rxb7 $16) 18. cxd5 O-O (18... e4 $5 {[%cal Rd8d5]} 19. d6 Bxd6 20. Qa4+ Qc6 $11) 19. d6 Bxd6 20. Rxb7 Qc4 21. Qd3 Qxd3 22. exd3 Rd7 23. Rb5 Bc7 24. Rc5 Rfd8 25. Bb2 Bb6 26. Rb5 Bd4 27. Bxd4 Rxd4 28. Rxa5 Rxd3 29. Re1 Nd5 30. Be4 Rd4 31. Bxd5 {[%mdl 64] Discovered Attack} R8xd5 32. Rxe5 Rxa5 $2 (32... Rxe5 $14 33. Rxe5 Ra4) 33. Rxa5 $14 {[%mdl 4096] Endgame KR-KR} Rd3 34. Kg2 g5 {[#]} 35. Ra7 $2 ({Don't play} 35. Rxg5 $6 Rxa3 36. h4 g6 $16) ({Better is} 35. a4 $1 $18) 35... g6 $1 36. a4 Ra3 37. a5 Kg7 $1 38. a6 {And now Ra8 would win.} Kf6 39. f3 (39. Ra8 $16) 39... Ke6 40. Kf2 f5 $2 {[%mdl 8192] [#]} (40... Kf6 $11) 41. gxf5+ $1 $18 gxf5 (41... Kxf5 $142 42. Kg3 Kf6) 42. Rh7 $2 (42. Ra8 $18) 42... Ke5 $11 43. a7 Kf4 44. h4 (44. Ke2 $11) 44... Ra2+ $15 45. Ke1 gxh4 46. Rxh4+ Kxf3 ({Black should try} 46... Ke3 $15 47. Kf1 Rxa7) 47. Rh7 $11 {The position is equal.} f4 48. Rf7 Ra1+ 49. Kd2 Kg3 50. Ke2 Ra2+ 51. Kf1 Ra3 52. Ke2 Ra2+ 53. Kf1 Kf3 {[%cal Ra2a1]} 54. Ke1 Ra3 55. Kd2 Ra1 56. Kd3 Ra2 57. Kc4 Kg2 58. Rxf4 Rxa7 {Accuracy: White = 49%, Black = 61%.} 1/2-1/2

[Event "NED-ch U20 Youth 2019"]
[Site "Assen"]
[Date "2019.04.30"]
[Round "3.3"]
[White "Ypma, Jord"]
[Black "De Boer, Eelke"]
[Result "0-1"]
[WhiteElo "1854"]
[BlackElo "2338"]
[Annotator "NA"]
[PlyCount "130"]
[EventDate "2019.04.28"]
[EventType "swiss"]
[EventCountry "NED"]
[SourceTitle "playchess.com"]
[Source "ChessBase"]
[SourceQuality "1"]
[TimeControl "40/5400+30:1800+30"]

1. d4 {[%emt 0:00:00]} Nf6 {[%emt 0:00:00]} 2. c4 {[%emt 0:00:00]} g6 {[%emt 0:00:00]} 3. g3 {[%emt 0:00:13]} Bg7 {[%emt 0:00:03]} 4. Bg2 {[%emt 0:00:08]} O-O {[%emt 0:00:07]} 5. Nc3 {[%emt 0:00:18]} d6 {[%emt 0:00:19]} 6. Nf3 {[%emt 0:00:26]} Nc6 {[%emt 0:00:08]} 7. O-O {[%emt 0:00:38]} a6 {[%emt 0:00:51]} 8. h3 {[%emt 0:00:30]} Bd7 {[%emt 0:00:34]} 9. e4 {[%emt 0:03:05]} e5 {[%emt 0:00:11]} 10. dxe5 {[%emt 0:01:14]} dxe5 {[%emt 0:00:18]} 11. Be3 {[%emt 0:01:35] E63: King's Indian: Fianchetto: Panno Variation with 7...a6} Qc8 {[%emt 0:02:10]} (11... Be6 12. Qa4 h6 13. Rad1 Qb8 14. Rfe1 Rd8 15. c5 Qa7 16. b4 Rac8 17. a3 Qb8 18. Qc2 Rxd1 19. Rxd1 {0-1 (58) Khismatullin,D (2634)-Fedoseev,V (2707) Satka 2018}) 12. Kh2 {[%emt 0:06:55]} Be6 {[%emt 0:20:48]} 13. b3 {[%emt 0:03:13]} Rd8 {[%emt 0:16:20]} 14. Qc1 {[%emt 0:03:07] [#]} b6 $146 {[%emt 0:01:22]} ({Predecessor:} 14... a5 15. Ng5 Nd4 16. f4 Nh5 17. Bxd4 Rxd4 18. f5 gxf5 19. exf5 {1-0 (31) Cmilyte,V (2470)-Arakhamia Grant,K (2506) St Petersburg 2009}) 15. Ng5 {[%emt 0:01:23]} Nd4 {[%emt 0:04:30]} 16. Nd5 {[%emt 0:12:09]} Nxd5 {[%emt 0:03:00]} 17. cxd5 {[%emt 0:03:16]} Bd7 {[%emt 0:00:10]} 18. Qd2 {[%emt 0:12:05]} (18. Bxd4 $5 exd4 19. f4 $14) 18... c5 {[%emt 0:09:58]} 19. Bxd4 {[%emt 0:04:10]} cxd4 {[%emt 0:00:40]} 20. f4 {[%emt 0:02:53]} f6 {[%emt 0:01:53]} 21. Nf3 {[%emt 0:02:07]} Qc7 {[%emt 0:00:53]} ({Better is} 21... Bh6 $15) 22. fxe5 {[%emt 0:02:37]} fxe5 {[%emt 0:00:17]} 23. Qg5 {[%emt 0:02:08]} Qd6 {[%emt 0:01:46]} 24. Nd2 {[%emt 0:04:22]} b5 {[%emt 0:00:07]} 25. a3 {[%emt 0:04:51]} ({White should play} 25. Nf3 $15) 25... Rdc8 {[%emt 0:03:47]} 26. Nf3 {[%emt 0:03:53]} Rc3 {[%emt 0:01:05]} 27. b4 {[%emt 0:00:35]} a5 {[%emt 0:05:24]} 28. bxa5 {[%emt 0:00:08]} h6 {[%emt 0:00:09]} 29. Qd2 {[%emt 0:02:25]} Rxa5 {[%emt 0:00:44]} 30. Nh4 {[%emt 0:03:25]} Raxa3 {[%emt 0:03:15]} 31. Rxa3 {[%emt 0:01:29]} Rxa3 {[%emt 0:00:07]} 32. Qf2 {[%emt 0:00:13]} Be8 {[%emt 0:00:16]} 33. Rc1 {[%emt 0:00:35]} Ra8 {[%emt 0:03:07]} 34. Bf1 {[%emt 0:00:38]} Bd7 {[%emt 0:00:50]} 35. Qb2 {[%emt 0:04:42]} g5 {[%emt 0:04:28]} 36. Ng2 {[%emt 0:00:55]} Qg6 {[%emt 0:06:06]} 37. Bd3 {[%emt 0:07:37]} Qh5 {[%emt 0:01:18]} 38. h4 {[%emt 0:01:07]} Qg4 {[%emt 0:00:42]} 39. Bxb5 {[%emt 0:02:43]} Bxb5 {[%emt 0:00:52]} 40. Qxb5 {[%emt 0:00:12]} Qxe4 {[%emt 0:00:16]} 41. Qc4 {[%emt 0:32:19]} Qg6 {[%emt 0:34:10]} 42. d6+ {[%emt 0:03:12]} Qf7 {[%emt 0:02:14]} 43. Qb5 {[%emt 0:00:00]} Rd8 {[%emt 0:00:00]} 44. Rc7 {[%emt 0:00:00]} Qe6 {[%emt 0:00:00]} 45. d7 {[%emt 0:00:00]} Bf6 {[%emt 0:00:00]} 46. Qb7 {[%emt 0:00:00]} e4 {[%emt 0:00:00]} 47. Rc6 $15 {[%emt 0:00:00]} Qe7 {[%emt 0:00:00]} 48. Rxf6 {[%emt 0:00:00]} Qxf6 {[%emt 0:00:00]} 49. Qxe4 {[%emt 0:00:00]} Kf7 {[%emt 0:00:00]} 50. Ne1 {[%emt 0:00:00]} Rxd7 {[%emt 0:00:00]} 51. hxg5 {[%emt 0:00:00]} hxg5 {[%emt 0:00:00]} 52. Nf3 {[%emt 0:00:00]} Kg7 {[%emt 0:00:00]} 53. Qg4 {[%emt 0:00:00]} Rd5 {[%emt 0:00:00]} 54. Qe4 {[%emt 0:00:00]} Rd8 {[%emt 0:00:00]} 55. Kg2 {[%emt 0:00:00]} d3 {[%emt 0:00:00]} 56. Nd2 {[%emt 0:00:00]} Rd7 {[%emt 0:00:00]} 57. Qg4 {[%emt 0:00:00]} Re7 {[%emt 0:01:27]} 58. Ne4 {[%emt 0:00:00]} Qc6 {[%emt 0:01:18]} 59. Qxg5+ {[%emt 0:00:04]} Kf8 {[%emt 0:00:15]} 60. Qf4+ {[%emt 0:01:14]} Ke8 {[%emt 0:03:21]} 61. Qb8+ {[%emt 0:00:35]} Kd7 {[%emt 0:02:32]} 62. Qa7+ {[%emt 0:00:20]} Ke6 {[%emt 0:00:51]} 63. Qa2+ {[%emt 0:03:12]} Kf5 {[%emt 0:00:54]} 64. Qa5+ {[%emt 0:02:33]} Kxe4 {[%emt 0:00:16]} 65. Qh5 {[%emt 0:02:00]} Kd4+ {[%emt 0:00:53]} 0-1

[Event "NED-ch U20 Youth 2019"]
[Site "Assen"]
[Date "2019.04.30"]
[Round "3.4"]
[White "Van Dael, Siem"]
[Black "Mesman, Edwyn"]
[Result "1/2-1/2"]
[WhiteElo "2206"]
[BlackElo "2224"]
[Annotator "NA"]
[PlyCount "159"]
[EventDate "2019.04.28"]
[EventType "swiss"]
[EventCountry "NED"]
[SourceTitle "playchess.com"]
[Source "ChessBase"]
[SourceQuality "1"]
[TimeControl "40/5400+30:1800+30"]

1. e4 {[%emt 0:00:00]} c6 {[%emt 0:00:00]} 2. Nc3 {[%emt 0:03:28]} d5 {[%emt 0:00:09]} 3. d4 {[%emt 0:00:40]} dxe4 {[%emt 0:00:09]} 4. Nxe4 {[%emt 0:00:08]} Nf6 {[%emt 0:00:08]} 5. Nxf6+ {[%emt 0:01:18]} exf6 {[%emt 0:00:12]} 6. c3 {[%emt 0:00:16]} Bd6 {[%emt 0:00:12]} 7. Bd3 {[%emt 0:00:05]} O-O {[%emt 0:00:04]} 8. Qc2 {[%emt 0:00:05]} Re8+ {[%emt 0:00:03] B15: Caro-Kann: 3 Nc3: 3...g6 and 3...dxe4 4 Nxe4 Nf6 5 Nxf6+ exf6} 9. Ne2 {[%emt 0:00:05]} (9. Be3 h6 10. Ne2 Na6 11. O-O Nc7 12. c4 Bg4 13. h3 Bxe2 14. Bxe2 Ne6 15. Rad1 Qc7 16. Bg4 Rad8 17. Rfe1 Bf4 18. Bxf4 Nxf4 19. Rxe8+ Rxe8 {½-½ (58) Svidler,P (2756)-Carlsen,M (2839) Porto Carras 2018}) 9... h5 {[%emt 0:00:04]} 10. Be3 {[%emt 0:03:37]} Nd7 {[%emt 0:00:47]} 11. O-O-O {[%emt 0:01:47]} Nf8 {[%emt 0:00:14]} 12. Ng3 {[%emt 0:02:23]} g6 {[%emt 0:00:32]} 13. Ne4 {[%emt 0:16:46]} Be6 {[%emt 0:02:14]} 14. Kb1 {[%emt 0:06:53]} Be7 {[%emt 0:07:02]} 15. h4 {[%emt 0:02:49]} Qd5 $146 {[%emt 0:10:51]} ({Predecessor:} 15... b5 16. f3 f5 17. Ng5 Bxg5 18. Bxg5 Qd5 19. b3 a5 20. Bh6 Kh7 21. Bxf8 {½-½ (21) Marosi,L (2325)-Buzas,B (2213) Zalakaros 2018}) 16. c4 {[%emt 0:02:26]} Qd8 {[%emt 0:04:41]} 17. Nc3 {[%emt 0:04:24]} Rc8 {[%emt 0:02:56]} 18. Qb3 {[%emt 0:15:57]} b5 {[%emt 0:15:10]} 19. d5 $1 {[%emt 0:00:44]} bxc4 {[%emt 0:00:13]} 20. Bxc4 {[%emt 0:00:10]} cxd5 $1 {[%emt 0:00:06]} 21. Nxd5 {[%emt 0:02:43]} Qa5 $2 {[%emt 0:01:26] [#]} (21... Kg7 $11) 22. Nxe7+ {[%emt 0:07:50]} (22. Qb5 $1 $16 {[%cal Rb5a5]} Qxb5 23. Bxb5) 22... Rxe7 {[%emt 0:00:11]} 23. Bxe6 {[%emt 0:00:06]} Nxe6 {[%emt 0:02:55]} 24. Rd5 {[%emt 0:02:06]} Qa6 $1 {[%emt 0:01:30]} 25. Qd3 {[%emt 0:03:27]} Qa4 {[%emt 0:04:34]} 26. g3 {[%emt 0:03:22]} Rec7 {[%emt 0:15:44]} 27. Rd1 {[%emt 0:07:12]} Kg7 {[%emt 0:01:36]} 28. f4 {[%emt 0:06:18]} Nc5 $11 {[%emt 0:07:57]} 29. Qd4 {[%emt 0:01:08]} Qxd4 {[%emt 0:03:53]} 30. R5xd4 {[%emt 0:02:49]} Re8 {[%emt 0:01:51]} 31. Bd2 {[%emt 0:00:09]} Ne4 {[%emt 0:00:39]} 32. Ba5 {[%emt 0:00:46]} Rb7 {[%emt 0:03:53]} 33. Rd7 {[%emt 0:01:35]} Rxd7 {[%emt 0:05:09]} 34. Rxd7 {[%emt 0:00:06]} Nxg3 {[%emt 0:00:05]} 35. Rxa7 {[%emt 0:00:04]} g5 {[%emt 0:00:06]} 36. fxg5 {[%emt 0:00:44]} fxg5 {[%emt 0:00:07]} 37. hxg5 {[%emt 0:01:00]} h4 {[%emt 0:00:09]} 38. Bc7 {[%emt 0:00:32]} Kg6 {[%emt 0:00:44]} 39. b4 {[%emt 0:00:53]} Ne4 {[%emt 0:02:22]} 40. a4 {[%emt 0:01:53]} Nc3+ {[%emt 0:06:27]} 41. Kb2 {[%emt 0:04:51]} Nd5 {[%emt 0:03:54]} 42. Bd6 {[%emt 0:07:00]} Re6 {[%emt 0:03:27]} 43. Bc5 {[%emt 0:02:10]} h3 {[%emt 0:01:27]} 44. Ra8 {[%emt 0:00:28]} Kxg5 {[%emt 0:01:47]} 45. Rd8 {[%emt 0:00:38]} Nf4 {[%emt 0:03:04]} 46. Rd1 {[%emt 0:06:24]} Kg4 {[%emt 0:10:46]} 47. b5 {[%emt 0:04:59]} h2 {[%emt 0:00:54]} 48. Rh1 {[%emt 0:06:08]} Kg3 {[%emt 0:03:51]} 49. Bg1 {[%emt 0:00:57]} hxg1=Q {[%emt 0:03:13]} 50. Rxg1+ {[%emt 0:00:04]} Kh4 {[%emt 0:01:31]} 51. Rf1 {[%emt 0:00:34]} Kg4 {[%emt 0:00:06]} 52. Kb3 {[%emt 0:00:23]} f5 {[%emt 0:00:25]} 53. a5 {[%emt 0:00:53]} Nd5 {[%emt 0:00:38]} 54. Rd1 {[%emt 0:01:27]} Ne3 {[%emt 0:00:53]} 55. Rg1+ {[%emt 0:00:11]} Kh3 {[%emt 0:02:10]} 56. b6 {[%emt 0:00:16]} Re5 {[%emt 0:00:34]} 57. Ka4 {[%emt 0:01:37]} Rxa5+ {[%emt 0:02:08]} 58. Kxa5 {[%emt 0:00:05]} Nc4+ {[%emt 0:00:04]} 59. Kb5 {[%emt 0:00:09]} Nxb6 {[%emt 0:00:04]} 60. Rf1 {[%emt 0:01:24]} Nd5 {[%emt 0:00:35]} 61. Rxf5 {[%emt 0:00:13]} Nc3+ {[%emt 0:00:13]} 62. Kc4 {[%emt 0:00:10]} Ne4 {[%emt 0:00:24]} 63. Kd4 {[%emt 0:00:28]} Ng3 {[%emt 0:00:17]} 64. Rg5 {[%emt 0:00:09]} Kh4 {[%emt 0:00:36]} 65. Rg8 {[%emt 0:00:15]} Nh5 {[%emt 0:00:59]} 66. Ke5 {[%emt 0:00:31]} Ng3 {[%emt 0:01:08]} 67. Rg7 {[%emt 0:00:47]} Nh5 {[%emt 0:00:21]} 68. Rg6 {[%emt 0:00:09]} Kh3 {[%emt 0:00:46]} 69. Ke4 {[%emt 0:00:43]} Ng3+ {[%emt 0:00:36]} 70. Kf3 {[%emt 0:02:13]} Nh5 {[%emt 0:00:24]} 71. Rg4 {[%emt 0:00:00]} Nf6 {[%emt 0:00:22]} 72. Rg5 {[%emt 0:00:18]} Kh4 {[%emt 0:00:22]} 73. Rf5 {[%emt 0:00:34]} Nh5 {[%emt 0:00:38]} 74. Re5 {[%emt 0:00:33]} Ng3 {[%emt 0:00:41]} 75. Re8 {[%emt 0:00:28]} Nh5 {[%emt 0:00:12]} 76. Rg8 {[%emt 0:00:13]} Kh3 {[%emt 0:00:33]} 77. Rg2 {[%emt 0:00:32]} Kh4 {[%emt 0:00:30]} 78. Rg1 {[%emt 0:00:09]} Nf6 {[%emt 0:00:22]} 79. Kf4 {[%emt 0:01:01]} Nh5+ {[%emt 0:00:14]} 80. Kf3 {[%emt 0:00:08]} 1/2-1/2